000 00371nam a2200157Ia 4500
008 230917s9999||||xx |||||||||||||| ||und||
020 _cRS0.48
040 _e14437
_aMAIN
041 _aEnglish
082 _a005.26 S3P
100 _aSharma, K D
245 0 _aProgramming in Fortran IV
260 _aNew Delhi
_bEast West Press
_c1976
300 _a240 p.
942 _cBK
999 _c59187
_d59187